| 000 | 01470nam a2200409 i 4500 | ||
|---|---|---|---|
| 001 | 5457 | ||
| 003 | KOSZ 005 | ||
| 005 | 20200625124349.0 | ||
| 008 | 200625s1992 -uk f 000 0 eng d | ||
| 020 | _a0521367786 | ||
| 040 |
_cKOSZ 005 _aKOSZ 005/AR _bKOSZ 005/AR |
||
| 046 | _k1992 | ||
| 080 | _a811.111 | ||
| 080 | _a(076) | ||
| 245 | 0 |
_aCambridge proficiency : _bexamination practice 3 : teacher's book / _cUniversity of Cambridge. Local Examinations Syndicate. |
|
| 246 | 0 |
_aCambridge proficiency examination practice 3 : _bteacher's book |
|
| 250 | _a4th printing. | ||
| 260 |
_aCambridge ; _bCambridge University Press, _c1992. |
||
| 300 |
_aVI, 88 stron : _bilustracje ; _c24 cm. |
||
| 336 |
_aTekst _btxt _2rdacontent |
||
| 337 |
_aBez urządzenia pośredniczącego _bn _2rdamedia |
||
| 338 |
_aWolumin _bnc _2rdacarrier |
||
| 380 | _aKsiążki | ||
| 380 | _aPublikacje dydaktyczne | ||
| 388 | _a1901-2000 | ||
| 388 | _a1989-2000 | ||
| 490 | 1 | _aCambridge Examinations Publishing | |
| 650 | _aJęzyk angielski | ||
| 655 | _aĆwiczenia i zadania | ||
| 658 | _aJęzykoznawstwo | ||
| 658 | _aEdukacja i pedagogika | ||
| 710 |
_aUniversity of Cambridge _bLocal Examinations Syndicate |
||
| 710 | _aCambridge University Press | ||
| 830 | 0 | _aCambridge Examinations Publishing | |
| 856 |
_uhttp://koha.tu.koszalin.pl/cgi-bin/koha/opac-detail.pl?biblionumber=5457 _yKatalog online BPK |
||
| 942 |
_2UKD _cKS |
||
| 999 |
_c5457 _d5457 |
||